Search Results
Showing Item 2 of 26
Available copies
- 10 of 10 copies available at Headquarters.
Current holds
0 current holds with 10 total copies.
| Location | Call Number / Copy Notes | Barcode | Shelving Location | Status | Due Date |
|---|---|---|---|---|---|
| Airport Children Library | 201 J418.4/BOD | 000001510010 | 400 - Languages, Grammar, Dictionaries, Thesaurus | Available | - |
| Airport Children Library | 201 J418.4/BOD | 000001510027 | 400 - Languages, Grammar, Dictionaries, Thesaurus | Available | - |
| Airport Children Library | 201 J418.4/BOD | 000001510034 | 400 - Languages, Grammar, Dictionaries, Thesaurus | Available | - |
| Airport Children Library | 201 J418.4/BOD | 000001510041 | 400 - Languages, Grammar, Dictionaries, Thesaurus | Available | - |
| Airport Children Library | 201 J418.4/BOD | 000001510058 | 400 - Languages, Grammar, Dictionaries, Thesaurus | Available | - |
| Airport Children Library | 201 J418.4/BOD | 000001510065 | 400 - Languages, Grammar, Dictionaries, Thesaurus | Available | - |
| Airport Children Library | 201 J418.4/BOD | 000001510072 | 400 - Languages, Grammar, Dictionaries, Thesaurus | Available | - |
| Airport Children Library | 201 J418.4/BOD | 000001510089 | 400 - Languages, Grammar, Dictionaries, Thesaurus | Available | - |
| Airport Children Library | 201 J418.4/BOD | 000001510096 | 400 - Languages, Grammar, Dictionaries, Thesaurus | Available | - |
| Airport Children Library | 201 J418.4/BOD | 000001510102 | 400 - Languages, Grammar, Dictionaries, Thesaurus | Available | - |
Record details
- ISBN: 9788184514667
- Physical Description: HARD COVER
- Publisher: NEW DELHI DREAMLAND PUBLICATIONS
Search for related items by subject
| Subject: | BODY |
| LDR | 00620cam a2200205Ka 4500 | ||
|---|---|---|---|
| 001 | 79175 | ||
| 003 | HQ | ||
| 005 | 20210505111648.0 | ||
| 008 | 070101s ii a br 0 eng d | ||
| 020 | . | ‡a9788184514667 | |
| 037 | . | ‡aSSNIT | |
| 082 | . | ‡aJ418.4/BOD | |
| 100 | . | ‡aDREAMLAND PUBLICATIONS | |
| 245 | . | ‡aMY BODY | |
| 260 | . | ‡aNEW DELHI ‡bDREAMLAND PUBLICATIONS | |
| 300 | . | ‡aHARD COVER | |
| 650 | . | ‡aBODY | |
| 901 | . | ‡a79175 ‡bAUTOGEN ‡c79175 ‡tbiblio | |
Search Results
Showing Item 2 of 26

Add to basket
Permalink
Disable Highlighting